02168nam a22003374504500003000900000005001700009008004100026020001800067035001900085040003300104041000800137082002400145100004100169245014400210250002300354264004800377300004400425336002100469337002500490338002300515504002800538505081100566520019601377650003301573650007101606650003201677650001301709650003301722651002601755710004901781PE-LiUPU20260326151827.0250701s2025 pe 000 0 spa d a9786123226169 aPE-LiUPU000006 aPE-LiUPUbspacPE-LiUPUerda0 aspa04a657.0218bV494u2201 aVergara Silva, Mario Miguel,eautor.10aUS GAAP :bManual de normas contables americanas : aplicable para empresas en el Perú emitidas por el FASB /cMario Miguel Vergara Silva. aPrimera edición. 1aLima :bInstituto Pacífico S.A.C.,c2025. a495 páginas :bilustraciones ;c24 cm atext2rdacontent aunmediated2rdamedia avolume2rdacarrier aIncluye bibliografía. aAntecedentes y aplicación de los US GAAP en el Perú – Orígenes de los Principios de Contabilidad Generalmente Aceptados – Instituto Americano de Contadores Públicos Certificados (American Institute of Certified Public Accountants, AICPA) – Consejos de Normas Internacionales de Contabilidad (International Accounting Standards Board, IASB) -- Declaraciones sobre normas de contabilidad financiera emitidas por el FASB vigentes hasta el 2009 -- Codificación de normas de contabilidad emitidas por el FASB vigentes a partir del 2009 – Principios generales – Presentación – Activos – Pasivo – Patrimonio – Ganancia – Gastos – Transacciones amplias – Industria -- Principios contables generalmente aceptados americanos emitidos por el FASB aplicables para empresas peruanas. aManual que desarrolla las normas contables americanas US GAAP y su aplicación en el contexto peruano, incluyendo el análisis de las normas emitidas por el FASB y su evolución normativa.14aContabilidadxNormaszPerú24aPrincipios de contabilidad generalmente aceptados (Estados Unidos)24aEstados financierosxNormas 4aUS GAAP. 4aEstados financierosxNormas. 4aPerúxContabilidad. aInstituto Pacífico S.A.C. (Lima)eeditor.